CHAMPION DU MONDE DE CYCLISME DEPUIS 2015 - Statistiques

Statistiques générales
  • Ce quiz a été pris 81 fois
  • Le résultat moyen est 9 sur 11
Statistiques - réponses
Réponse % Correct
2024 POGACAR
99%
2025 POGACAR
99%
2023 VAN DER POEL
88%
2015 SAGAN
79%
2016 SAGAN
79%
2017 SAGAN
79%
2022 EVENEPOEL
78%
2020 ALAPHILIPE
69%
2021 ALAPHILIPE
69%
2019 PEDERSEN
61%
2018 VALVERDE
56%
Aucun quiz correspondant
Distribution des résultats
% des personnes avec chaque résultat
Percentile par nombre de réponses
Votre historique - résultats
Vous n’avez pas pris ce quiz